Business Advantage : Upper-intermediate Personal study book

Đã lưu trong:
書目詳細資料
主要作者: Godwin, Joy.
格式: CD
語言:English
出版: Cambridge: Cambridge University Press, 2012.
標簽: 添加標簽
沒有標簽, 成為第一個標記此記錄!
Thư viện lưu trữ: Thư viện Trường Đại học Đà Lạt
LEADER 00720nam a2200289 4500
001 DLU170181045
005 ##20170919
020 # # |a 9780521281300 
040 # # |a DLU  |b vie 
041 # # |a eng 
044 # # |a uk 
082 # # |a 428  |b GO-J 
100 # # |a Godwin, Joy. 
245 # # |a Business Advantage :  |b Upper-intermediate Personal study book   |h [Đĩa CD-ROM] /  |c Joy Godwin. 
256 # # |a 4 3/4 in. 
260 # # |a Cambridge:  |b Cambridge University Press,  |c 2012. 
300 # # |a 1 đĩa CD-ROM ;  |c 4 3/4 in. 
923 # # |a 05/2016 
992 # # |a 0 
994 # # |a DLU 
900 # # |a True 
911 # # |a Nguyễn Thanh Hương 
925 # # |a CD 
926 # # |a A 
927 # # |a CD 
980 # # |a Thư viện Trường Đại học Đà Lạt